| 000 | 00896nam a2200277 a 4500 | ||
|---|---|---|---|
| 001 | 934 | ||
| 003 | BD-RjUL | ||
| 005 | 20211208233242.0 | ||
| 008 | 150226s2012 bg a b 000 0 eng d | ||
| 020 | _a9847012401569 | ||
| 035 | _a(BD-RjUL)956 | ||
| 040 |
_aBD-RjUL _beng _cBD-RjUL _dBD-RjUL |
||
| 041 | _aeng | ||
| 082 |
_221 _a954.9205 _bNAB 2012 |
||
| 100 |
_aNabi, Nuran. _9116192 |
||
| 245 |
_aBullets of '71 : _ba freedom fighter's story / _cNuran Nabi with Mush Nabi |
||
| 260 |
_aDhaka : _bSahitya Prakash, _c2012. |
||
| 300 |
_a437 p.: _bill.; _c22 cm. |
||
| 500 | _a"First edition published by Author House, USA, September 2010"--Title page verso. | ||
| 600 |
_aNabi, Nuran. _9116192 |
||
| 600 |
_a Nabi, Mush. _9116197 |
||
| 650 |
_aNational liberation movements _zBangladesh. _y1971 _9116194 |
||
| 700 |
_aNabi, Mush. _9116195 |
||
| 942 |
_2ddc _cBK _02 |
||
| 999 |
_c934 _d934 |
||